[Event "Guernsey International Chess Festival 2"]
[Site "?"]
[Date "2019.10.22"]
[Round "3.20"]
[White "Turner, David J"]
[Black "Knudsen, Jan"]
[Result "1-0"]
[WhiteElo "1746"]
[BlackElo "1603"]
[PlyCount "103"]
[EventDate "2019.??.??"]

1. e4 d5 2. exd5 Qxd5 3. Qf3 Nf6 4. Nc3 Qe5+ 5. Qe3 Nc6 6. Bb5 Qxe3+ 7. dxe3
Bd7 8. a3 O-O-O 9. Nf3 h6 10. Bd2 e6 11. Rd1 Na5 12. Ne5 Be8 13. Bxe8 Rxe8 14.
Nxf7 Rh7 15. Ne5 Bd6 16. Nf3 Nc4 17. Bc1 g5 18. Nb5 a6 19. Nxd6+ Nxd6 20. Ne5
Nd7 21. Nxd7 Rxd7 22. f3 Red8 23. e4 Nb5 24. Rxd7 Rxd7 25. Be3 Nd4 26. Bxd4
Rxd4 27. Ke2 e5 28. Rd1 c5 29. c3 Rxd1 30. Kxd1 c4 31. Ke2 Kd7 32. Kf2 Kd6 33.
Kg3 Kc5 34. Kg4 Kb5 35. Kf5 Ka4 36. Kxe5 Kb3 37. Kd4 b5 38. e5 Kxb2 39. e6 Kxa3
40. e7 a5 41. e8=Q b4 42. cxb4 axb4 43. Kxc4 b3 44. Qe3 Ka2 45. Qxb3+ Ka1 46.
Kc3 g4 47. fxg4 h5 48. g5 h4 49. g6 h3 50. g7 hxg2 51. g8=R g1=R 52. Rxg1# 1-0

[Event "Guernsey International Chess Festival 2"]
[Site "?"]
[Date "2019.10.22"]
[Round "3.21"]
[White "Vonhoff, Joerg"]
[Black "Foster, Paul"]
[Result "1-0"]
[WhiteElo "1654"]
[BlackElo "1533"]
[PlyCount "147"]
[EventDate "2019.??.??"]

1. e4 c6 2. d4 d5 3. e5 c5 4. c3 Nc6 5. Bb5 e6 6. Nh3 a6 7. Bxc6+ bxc6 8. Qg4
g6 9. Bg5 Be7 10. Bxe7 Qxe7 11. Qf4 cxd4 12. cxd4 h6 13. Nc3 Qb4 14. Rb1 Ne7
15. O-O g5 16. Qf6 Rh7 17. Ne2 Ng6 18. Qf3 a5 19. Qd3 Ba6 20. Qc3 Qb6 21. Rfe1
Kd7 22. Ng3 Rf8 23. Nh5 Kc7 24. Nf6 Rg7 25. g3 Ne7 26. a3 Nf5 27. Red1 Rh8 28.
Rd2 h5 29. f4 gxf4 30. Nxf4 Ne7 31. N4xh5 Rg6 32. Nf4 Rgh6 33. Rc1 Bc4 34. Re1
Ng8 35. Ne8+ Kd7 36. Nd6 R8h7 37. Nxc4 dxc4 38. Qxc4 Ne7 39. Rc1 Nf5 40. Rc3
Ne7 41. Rdc2 Rh8 42. Rb3 Qa7 43. Nd3 Rb8 44. Nc5+ Kc8 45. Rxb8+ Kxb8 46. Qa6
Qxa6 47. Nxa6+ Kc8 48. Nc5 Kc7 49. Ne4 Nf5 50. Rd2 Kb6 51. Rd3 Kb5 52. Nd2 c5
53. dxc5 Kxc5 54. Ne4+ Kc4 55. Rd7 Nd4 56. Rxf7 Kd3 57. Nf2+ Ke2 58. Kg2 Nf5
59. Ng4 Rh8 60. Rb7 Nd4 61. Nf6 Nf3 62. Ng4 Ne1+ 63. Kh1 Kf3 64. Nf6 Kf2 65.
Rf7 Nf3 66. Ng4+ Ke2 67. Rf4 Rd8 68. Re4+ Kf1 69. Rc4 Rd2 70. Rc1+ Ne1 71. Rb1
Ke2 72. b4 axb4 73. axb4 Nd3 74. Kg2 1-0

[Event "Guernsey International Chess Festival 2"]
[Site "?"]
[Date "2019.10.22"]
[Round "3.22"]
[White "Nalichowski, Bogdan"]
[Black "Parfett, Gerald F"]
[Result "0-1"]
[WhiteElo "1375"]
[BlackElo "1633"]
[PlyCount "112"]
[EventDate "2019.??.??"]

1. e4 c6 2. Nc3 d5 3. exd5 cxd5 4. d4 Nf6 5. h3 Bf5 6. Bd3 Bxd3 7. Qxd3 e6 8.
Nge2 Nc6 9. a3 Be7 10. O-O O-O 11. b4 a6 12. Be3 b5 13. Bf4 Re8 14. Nd1 Ne4 15.
Ne3 Bd6 16. Bg3 Ne7 17. c3 Ng6 18. Ng4 Qc7 19. Rac1 h5 20. Nh2 h4 21. Bxd6 Qxd6
22. f4 f5 23. Qf3 Nd2 24. Qh5 Nxf1 25. Qxg6 Nxh2 26. Kxh2 Qe7 27. Ng1 Qc7 28.
Qg5 Qe7 29. Qh5 Qf6 30. Nf3 Qh6 31. Qxh4 Qxh4 32. Nxh4 Kf7 33. Nf3 Rec8 34.
Ne5+ Ke7 35. h4 Rc7 36. Nd3 a5 37. g3 axb4 38. axb4 Ra2+ 39. Kg1 Rca7 40. Ne5
Kd6 41. g4 fxg4 42. Nxg4 Ra1 43. Rf1 Rxf1+ 44. Kxf1 Rc7 45. f5 exf5 46. Ne3 Ke6
47. Nd1 Ra7 48. Kf2 Ra2+ 49. Kf3 Rd2 50. Ne3 Rd3 51. Kf4 g6 52. h5 g5+ 53. Kf3
f4 54. Kg4 fxe3 55. h6 Kf6 56. Kh5 e2 0-1

[Event "Guernsey International Chess Festival 2"]
[Site "?"]
[Date "2019.10.22"]
[Round "3.23"]
[White "Kershaw, Graham"]
[Black "McGill, Brendan"]
[Result "1-0"]
[WhiteElo "1631"]
[BlackElo "1195"]
[PlyCount "69"]
[EventDate "2019.??.??"]

1. e4 e6 2. d4 d5 3. Nd2 dxe4 4. Nxe4 Be7 5. Nf3 Nf6 6. Bd3 Nc6 7. c3 O-O 8.
O-O b6 9. Qc2 h6 10. Be3 Nd5 11. Bd2 f5 12. Ng3 Bf6 13. Rae1 Qd6 14. Nh5 Bd7
15. Nxf6+ Rxf6 16. Ne5 Qe7 17. a3 Nxe5 18. dxe5 Rg6 19. c4 Bc6 20. cxd5 Bxd5
21. f3 Qh4 22. Be3 Bxf3 23. Re2 Bxe2 24. Qxe2 Rd8 25. Bc4 Kf7 26. Rxf5+ Ke7 27.
Rf4 Qg5 28. Rf7+ Kxf7 29. Bxg5 Rxg5 30. h3 h5 31. Kh2 Rf5 32. Bd3 Rg5 33. Qe3
Rf5 34. Bxf5 exf5 35. Qg5 1-0

[Event "Guernsey International Chess Festival 2"]
[Site "?"]
[Date "2019.10.22"]
[Round "3.24"]
[White "O'connell, Denis"]
[Black "Harnden, Terry"]
[Result "1-0"]
[WhiteElo "1787"]
[BlackElo "1499"]
[PlyCount "93"]
[EventDate "2019.??.??"]

1. e4 c5 2. b4 cxb4 3. a3 bxa3 4. Nxa3 d6 5. Nf3 Nf6 6. Bb5+ Bd7 7. Qe2 Nc6 8.
O-O g6 9. Bb2 Bg7 10. d4 O-O 11. d5 Ne5 12. Nxe5 dxe5 13. Bxd7 Nxd7 14. Rfd1 a6
15. c4 Nc5 16. Qe3 Qd6 17. Nc2 a5 18. Ba3 b6 19. Rab1 Rfc8 20. Rb5 Rab8 21.
Rdb1 Bf8 22. Ne1 e6 23. Nd3 f6 24. g3 exd5 25. cxd5 Kg7 26. Rc1 Qd8 27. Nxc5
bxc5 28. Rxb8 Rxb8 29. Bxc5 Bd6 30. Bxd6 Qxd6 31. Qc5 Qxc5 32. Rxc5 a4 33. Ra5
Rb4 34. f3 h6 35. Ra7+ Kf8 36. Kg2 h5 37. h4 f5 38. exf5 gxf5 39. Ra6 Rd4 40.
d6 Ke8 41. Ra5 Kd7 42. Rxe5 f4 43. Rxh5 fxg3 44. Kxg3 a3 45. Ra5 Rd3 46. Ra6
Rxd6 47. Rxa3 1-0

[Event "Guernsey International Chess Festival 2"]
[Site "?"]
[Date "2019.10.22"]
[Round "3.25"]
[White "Goman, Colin"]
[Black "Henry, Eric"]
[Result "1/2-1/2"]
[WhiteElo "1671"]
[BlackElo "1591"]
[PlyCount "52"]
[EventDate "2019.??.??"]

1. d4 d5 2. c4 c6 3. b3 Nf6 4. Nf3 Nbd7 5. Bb2 e6 6. e3 Be7 7. Bd3 O-O 8. O-O
b6 9. Nbd2 Bb7 10. Qc2 Rc8 11. Ng5 h6 12. Nh3 c5 13. f4 Qc7 14. Rae1 Rfe8 15.
e4 dxe4 16. Nxe4 Nxe4 17. Bxe4 Bxe4 18. Rxe4 Nf6 19. Re2 cxd4 20. Bxd4 Bc5 21.
Bxc5 Qxc5+ 22. Kh1 Red8 23. Rd1 Qe7 24. Nf2 Rxd1+ 25. Qxd1 Rd8 26. Rd2 Rxd2
1/2-1/2

[Event "Guernsey International Chess Festival 2"]
[Site "?"]
[Date "2019.10.22"]
[Round "3.26"]
[White "Collins, Alan"]
[Black "Goris Schouwstra, Adry"]
[Result "1/2-1/2"]
[WhiteElo "1615"]
[BlackElo "1662"]
[PlyCount "73"]
[EventDate "2019.??.??"]

1. c4 c5 2. Nc3 Nc6 3. Nf3 Nf6 4. g3 g6 5. Bg2 Bg7 6. d3 O-O 7. Bd2 Re8 8. O-O
e5 9. Ne1 d6 10. Rb1 Be6 11. Nc2 Qd7 12. Ne3 Bh3 13. Ned5 Bxg2 14. Nxf6+ Bxf6
15. Kxg2 Bg7 16. Nd5 Ne7 17. e4 Nxd5 18. cxd5 b5 19. Qe2 a5 20. Rfc1 f5 21. f3
Rf8 22. Rf1 b4 23. a3 h6 24. axb4 axb4 25. b3 Ra2 26. Ra1 Rfa8 27. Rxa2 Rxa2
28. Rb1 g5 29. h3 f4 30. g4 Qa7 31. Kf1 Bf8 32. Qd1 Qa6 33. Ke2 Qa3 34. Ke1 Qa8
35. Ke2 h5 36. Qg1 Be7 37. gxh5 1/2-1/2

[Event "Guernsey International Chess Festival 2"]
[Site "?"]
[Date "2019.10.22"]
[Round "3.27"]
[White "Kearsley, Raymond J"]
[Black "Bennett, Delroy"]
[Result "1-0"]
[WhiteElo "1597"]
[BlackElo "1326"]
[PlyCount "49"]
[EventDate "2019.??.??"]

1. e4 e5 2. Nf3 Nc6 3. c3 a6 4. d4 d6 5. Bc4 Bg4 6. Qb3 Qd7 7. Qxb7 Ra7 8. Qb3
Bxf3 9. gxf3 Na5 10. Qb8+ Ke7 11. Qxa7 Nxc4 12. Qxa6 Nb6 13. Be3 Ke8 14. Nd2
Be7 15. O-O-O Bd8 16. dxe5 Qc8 17. Qxc8 Nxc8 18. Nc4 dxe5 19. Nxe5 Nge7 20.
Rxd8+ Kxd8 21. Nxf7+ Ke8 22. Nxh8 Kf8 23. Rd1 Nd6 24. e5 Ne8 25. Bc5 1-0

[Event "Guernsey International Chess Festival 2"]
[Site "?"]
[Date "2019.10.22"]
[Round "3.28"]
[White "Foran, Barry"]
[Black "Le Maitre, Richard"]
[Result "1-0"]
[WhiteElo "1627"]
[BlackElo "1351"]
[PlyCount "55"]
[EventDate "2019.??.??"]

1. d4 d5 2. Nf3 e6 3. e3 Nf6 4. Bd3 c5 5. b3 Nc6 6. Bb2 cxd4 7. exd4 Bd6 8. Ne5
Bc7 9. O-O Nb4 10. Be2 O-O 11. Nd2 Re8 12. a3 Nc6 13. Bd3 Bb6 14. Ndf3 a6 15.
Re1 Bd7 16. h3 Rc8 17. Rc1 Na7 18. c4 Bc6 19. Rc2 Bc7 20. Qe2 Nh5 21. Nxf7 Qf6
22. N3g5 Nf4 23. Bxh7+ Kf8 24. Qe3 Ng6 25. Bxg6 Bf4 26. Nh7+ Kg8 27. Nxf6+ gxf6
28. Qxf4 1-0

[Event "Guernsey International Chess Festival 2"]
[Site "?"]
[Date "2019.10.22"]
[Round "3.29"]
[White "Rowe, Oliver"]
[Black "Gunn, Michael J"]
[Result "1/2-1/2"]
[WhiteElo "1545"]
[BlackElo "1608"]
[PlyCount "53"]
[EventDate "2019.??.??"]

1. d4 Nf6 2. Bf4 d6 3. e3 Nbd7 4. Nf3 g6 5. h3 Bg7 6. Be2 b6 7. O-O Bb7 8. Bh2
O-O 9. c4 Re8 10. Nc3 e5 11. Nd2 exd4 12. exd4 Nf8 13. d5 Bc8 14. Bd3 N8d7 15.
Rc1 Ne5 16. Bb1 h5 17. f4 Ned7 18. Re1 Nf8 19. Qf3 N6h7 20. Kh1 Bd7 21. b3
Rxe1+ 22. Rxe1 Qf6 23. Nde4 Qe7 24. Bg3 Re8 25. Nd2 Qd8 26. Rxe8 Qxe8 27. Nd1
1/2-1/2

[Event "Guernsey International Chess Festival 2"]
[Site "?"]
[Date "2019.10.22"]
[Round "3.30"]
[White "Jones, Sidney A"]
[Black "Beadle, John R"]
[Result "1/2-1/2"]
[WhiteElo "1524"]
[BlackElo "1571"]
[PlyCount "24"]
[EventDate "2019.??.??"]

1. d4 f5 2. Nf3 Nf6 3. Bg5 e6 4. e3 Be7 5. Bd3 O-O 6. Nbd2 d6 7. c4 Nbd7 8. O-O
h6 9. Bxf6 Nxf6 10. Qc2 b6 11. Rfe1 Bb7 12. h3 Qe8 1/2-1/2

[Event "Guernsey International Chess Festival 2"]
[Site "?"]
[Date "2019.10.23"]
[Round "4.10"]
[White "Strade, Arita"]
[Black "Hoogakker, Peter"]
[Result "1/2-1/2"]
[WhiteElo "1882"]
[BlackElo "1788"]
[PlyCount "70"]
[EventDate "2019.??.??"]

1. e4 d6 2. d4 Nf6 3. Nc3 Nbd7 4. Be3 e5 5. Nf3 c6 6. dxe5 dxe5 7. a3 Ng4 8.
Bg5 Qb6 9. Qd2 h6 10. Na4 Qxf2+ 11. Qxf2 Nxf2 12. Kxf2 hxg5 13. Nxg5 b5 14. Nc3
Bc5+ 15. Kg3 Nf6 16. Be2 Rh6 17. h4 Be3 18. Rad1 Rg6 19. Rd3 Bd4 20. Kh2 Bg4
21. Bf3 O-O-O 22. Nxf7 Rd7 23. Ng5 Rd8 24. Kg3 Bxf3 25. Kxf3 Nh5 26. g3 Rf6+
27. Kg4 g6 28. Nf3 a6 29. b3 c5 30. Ne2 Rdf8 31. c4 bxc4 32. bxc4 Rb6 33. Nexd4
Nf6+ 34. Kh3 Nxe4 35. Rh2 exd4 1/2-1/2

[Event "Guernsey International Chess Festival 2"]
[Site "?"]
[Date "2019.10.23"]
[Round "4.12"]
[White "Ingham, H William"]
[Black "Coenen, Albert"]
[Result "1/2-1/2"]
[WhiteElo "1807"]
[BlackElo "1899"]
[PlyCount "56"]
[EventDate "2019.??.??"]

1. d4 d5 2. Nf3 c5 3. dxc5 Nc6 4. e3 e5 5. c4 Nf6 6. Nc3 d4 7. exd4 exd4 8. Na4
Bxc5 9. Nxc5 Qa5+ 10. Bd2 Qxc5 11. Be2 Ne4 12. O-O Nxd2 13. Qxd2 O-O 14. Rfd1
Rd8 15. a3 Ne5 16. Nxe5 Qxe5 17. Re1 Qf6 18. Bf3 Rb8 19. Rad1 Be6 20. Qd3 b6
21. Be4 g6 22. b3 Rbc8 23. Rc1 Rc5 24. b4 Re5 25. c5 bxc5 26. bxc5 Bf5 27. c6
Bxe4 28. Rxe4 Rxe4 1/2-1/2

[Event "Guernsey International Chess Festival 2"]
[Site "?"]
[Date "2019.10.23"]
[Round "4.13"]
[White "Hermes, Geoff R"]
[Black "Kirk, Matthew"]
[Result "1/2-1/2"]
[WhiteElo "1833"]
[BlackElo "1722"]
[PlyCount "43"]
[EventDate "2019.??.??"]

1. d4 d5 2. Bf4 Nf6 3. e3 c6 4. Nd2 Bf5 5. c3 e6 6. Ngf3 h6 7. Ne5 Nbd7 8. h3
Ne4 9. Be2 Be7 10. Nxe4 Bxe4 11. Bf3 Bxf3 12. Qxf3 Nxe5 13. Bxe5 O-O 14. Qg4
Bf6 15. Bxf6 Qxf6 16. f4 Qf5 17. Qxf5 exf5 18. g4 fxg4 19. hxg4 Rfe8 20. Kf2 f6
21. Rh3 Re4 22. Rg3 1/2-1/2

[Event "Guernsey International Chess Festival 2"]
[Site "?"]
[Date "2019.10.23"]
[Round "4.14"]
[White "Nevska, Gerda"]
[Black "Vonhoff, Joerg"]
[Result "1-0"]
[WhiteElo "1858"]
[BlackElo "1654"]
[PlyCount "25"]
[EventDate "2019.??.??"]

1. c4 Nf6 2. Nf3 g6 3. g3 Bg7 4. Bg2 O-O 5. Nc3 c6 6. e4 d6 7. O-O e5 8. Rb1
Bg4 9. h3 Be6 10. d3 Qc7 11. Bg5 Nbd7 12. Qd2 Ne8 13. Be7 1-0

[Event "Guernsey International Chess Festival 2"]
[Site "?"]
[Date "2019.10.23"]
[Round "4.15"]
[White "Finch, Russell"]
[Black "Turner, David J"]
[Result "0-1"]
[WhiteElo "1638"]
[BlackElo "1746"]
[PlyCount "60"]
[EventDate "2019.??.??"]

1. Nf3 Nf6 2. g3 g6 3. Bg2 Bg7 4. O-O O-O 5. d3 d6 6. c4 e5 7. Nc3 Nbd7 8. Qc2
c6 9. Rb1 Qe7 10. b4 a6 11. a4 Re8 12. Nd2 Nf8 13. Ba3 Ne6 14. e3 Qc7 15. Rb3
d5 16. Qb1 d4 17. Nd1 Ng4 18. Nf3 f5 19. Bc1 f4 20. Re1 Rf8 21. Rb2 dxe3 22.
fxe3 fxg3 23. e4 Rxf3 24. Bxf3 Nxh2 25. Be2 Nd4 26. Kg2 Qd7 27. Kxg3 Qh3+ 28.
Kf2 Bg4 29. Bxg4 Nxg4+ 30. Kg1 Nf3# 0-1

[Event "Guernsey International Chess Festival 2"]
[Site "?"]
[Date "2019.10.23"]
[Round "4.16"]
[White "Parfett, Gerald F"]
[Black "Remie, Peter"]
[Result "0-1"]
[WhiteElo "1633"]
[BlackElo "1688"]
[PlyCount "124"]
[EventDate "2019.??.??"]

1. d4 Nf6 2. Nf3 e6 3. c4 c5 4. d5 exd5 5. cxd5 d6 6. Nc3 g6 7. e4 Bg7 8. Bg5
O-O 9. Bd3 Re8 10. O-O a6 11. a4 Qc7 12. Nd2 Nbd7 13. f4 Qb6 14. Nc4 Qc7 15.
Qd2 h6 16. Bh4 Nb6 17. Nxd6 Qxd6 18. e5 Qd8 19. exf6 Bxf6 20. Bxf6 Qxf6 21. Ne4
Qd4+ 22. Qf2 Rxe4 23. Bxe4 Qxe4 24. Qxc5 Nd7 25. Qd6 Qd4+ 26. Kh1 Qc5 27. Qxc5
Nxc5 28. b4 Ne4 29. b5 axb5 30. axb5 Rxa1 31. Rxa1 Nd6 32. b6 Kg7 33. Ra8 Kf6
34. g3 Bf5 35. Rd8 Ke7 36. Rb8 Be4+ 37. Kg1 Bxd5 38. Ra8 Nc4 39. Kf2 Nxb6 40.
Ra5 Kd6 41. Ra1 Nc4 42. Ke2 Kc5 43. Kd3 b5 44. Ra7 Kb4 45. Rd7 Be6 46. Rb7 Nd6
47. Rb6 Bc4+ 48. Kd4 Nf5+ 49. Ke5 h5 50. Kf6 Ne3 51. Kg5 Nf1 52. f5 gxf5 53.
Kxf5 Nxh2 54. Rh6 Nf1 55. Kf4 Kc3 56. Rxh5 b4 57. g4 b3 58. Rh3+ Bd3 59. Rh8 b2
60. Rb8 b1=Q 61. Rxb1 Bxb1 62. g5 Bg6 0-1

[Event "Guernsey International Chess Festival 2"]
[Site "?"]
[Date "2019.10.23"]
[Round "4.17"]
[White "Hall, Alan"]
[Black "Kershaw, Graham"]
[Result "1-0"]
[WhiteElo "1684"]
[BlackElo "1631"]
[PlyCount "41"]
[EventDate "2019.??.??"]

1. d4 e6 2. Nf3 d5 3. e3 Nf6 4. Bd3 c5 5. c3 Bd6 6. Nbd2 Nbd7 7. O-O O-O 8. Re1
Qc7 9. e4 dxe4 10. Nxe4 Nxe4 11. Rxe4 Be7 12. Bf4 Qd8 13. Re1 Re8 14. Qc2 g6
15. Rad1 cxd4 16. Nxd4 a6 17. Bxg6 Nf6 18. Nxe6 Qa5 19. Bxf7+ Kxf7 20. Nc7 Bf5
21. Qb3+ 1-0

[Event "Guernsey International Chess Festival 2"]
[Site "?"]
[Date "2019.10.23"]
[Round "4.18"]
[White "Haisma, Henk"]
[Black "Van Hoek, Wim"]
[Result "0-1"]
[WhiteElo "1725"]
[BlackElo "1863"]
[PlyCount "70"]
[EventDate "2019.??.??"]

1. b4 e6 2. Bb2 f5 3. Nf3 Nf6 4. a3 d5 5. e3 Bd6 6. c4 c6 7. Be2 O-O 8. O-O Qe7
9. d4 b6 10. c5 Bc7 11. Qa4 b5 12. Qc2 a5 13. bxa5 Ne4 14. Nbd2 Rxa5 15. a4 b4
16. Nb3 Ra8 17. a5 Ba6 18. Bxa6 Nxa6 19. Ne5 Bxe5 20. dxe5 Nexc5 21. Nxc5 Qxc5
22. Qa4 Qb5 23. Qxb5 cxb5 24. Rfc1 Rfc8 25. Rxc8+ Rxc8 26. Rc1 Rc4 27. Kf1 Kf7
28. Ke2 Ke7 29. Kd2 Kd7 30. Bd4 Kc6 31. Rc2 Nc5 32. Bxc5 Kxc5 33. Ra2 b3 34.
Rb2 Kb4 35. Rb1 Rc2+ 0-1

[Event "Guernsey International Chess Festival 2"]
[Site "?"]
[Date "2019.10.23"]
[Round "4.19"]
[White "Denning, Julie L"]
[Black "O'connell, Denis"]
[Result "1-0"]
[WhiteElo "1625"]
[BlackElo "1787"]
[PlyCount "89"]
[EventDate "2019.??.??"]

1. d4 d5 2. c4 e5 3. dxe5 d4 4. a3 Nc6 5. Nf3 Nge7 6. Nbd2 Ng6 7. Nb3 Ngxe5 8.
Nxe5 Nxe5 9. Qxd4 Qxd4 10. Nxd4 Nxc4 11. e4 Nd6 12. e5 Ne4 13. Bb5+ Bd7 14.
Bxd7+ Kxd7 15. O-O Rd8 16. Re1 Nc5 17. Bg5 Be7 18. Bxe7 Kxe7 19. Nf5+ Kf8 20.
Rad1 Rxd1 21. Rxd1 Ne6 22. Nd4 Nxd4 23. Rxd4 Ke7 24. f4 Rd8 25. Rxd8 Kxd8 26.
Kf2 Kd7 27. Ke3 Ke6 28. Ke4 g6 29. g4 c5 30. f5+ gxf5+ 31. gxf5+ Kd7 32. Kd5 b6
33. b3 h6 34. h3 h5 35. h4 a6 36. a4 a5 37. f6 b5 38. Kxc5 bxa4 39. bxa4 Ke6
40. Kd4 Kd7 41. Kd5 Kd8 42. Kc5 Kd7 43. Kb6 Ke6 44. Kxa5 Kxe5 45. Kb6 1-0

[Event "Guernsey International Chess Festival 2"]
[Site "?"]
[Date "2019.10.23"]
[Round "4.20"]
[White "Baart, Edwin"]
[Black "Kearsley, Raymond J"]
[Result "1/2-1/2"]
[WhiteElo "1746"]
[BlackElo "1597"]
[PlyCount "87"]
[EventDate "2019.??.??"]

1. d4 d5 2. Nf3 Bf5 3. c4 e6 4. Nc3 Nf6 5. Bg5 Be7 6. e3 O-O 7. Qb3 Nc6 8. Bxf6
Bxf6 9. cxd5 Na5 10. Qa4 c5 11. dxc6 Nxc6 12. Be2 a6 13. O-O b5 14. Qd1 Qb6 15.
Rc1 Rfd8 16. Bd3 Bxd3 17. Qxd3 Rd7 18. Ne4 Be7 19. Qc2 Nb4 20. Qb3 Nd5 21. a3
Rc7 22. Ne5 f6 23. Nd3 Rac8 24. Rxc7 Rxc7 25. Nec5 Bxc5 26. Nxc5 Kf7 27. Qd3 g6
28. Rd1 Kg7 29. g3 Re7 30. Rc1 Nc7 31. Qb3 Qd6 32. Qc2 e5 33. dxe5 Qxe5 34. Nd3
Qd6 35. Nf4 Ne6 36. Rd1 Qe5 37. h4 Nxf4 38. exf4 Qe6 39. Qd3 Qg4 40. Kg2 Qe6
41. Rd2 Qc6+ 42. Qd5 Qc1 43. Qd8 Qe1 44. Rd7 1/2-1/2

[Event "Guernsey International Chess Festival 2"]
[Site "?"]
[Date "2019.10.23"]
[Round "4.21"]
[White "Goris Schouwstra, Adry"]
[Black "Colsen, Manuel"]
[Result "1/2-1/2"]
[WhiteElo "1662"]
[BlackElo "1583"]
[PlyCount "38"]
[EventDate "2019.??.??"]

1. d4 d5 2. Nf3 Bf5 3. e3 Nf6 4. c4 c6 5. Nc3 e6 6. a3 a5 7. Bd2 h6 8. c5 Be7
9. Rc1 O-O 10. Be2 Nbd7 11. O-O Qc7 12. h3 Ne4 13. Be1 e5 14. Nxe4 dxe4 15.
Nxe5 Nxe5 16. dxe5 Qxe5 17. Bc3 Qc7 18. Bd4 Rfd8 19. Qc2 Bf6 1/2-1/2

[Event "Guernsey International Chess Festival 2"]
[Site "?"]
[Date "2019.10.23"]
[Round "4.22"]
[White "Knudsen, Jan"]
[Black "Goman, Colin"]
[Result "1-0"]
[WhiteElo "1603"]
[BlackElo "1671"]
[PlyCount "47"]
[EventDate "2019.??.??"]

1. e4 d6 2. f4 e5 3. Nf3 b6 4. Bc4 Bg4 5. Bd5 c6 6. Bb3 Be7 7. O-O exf4 8. d4
a5 9. a3 a4 10. Ba2 Nf6 11. Nc3 Qd7 12. Bxf4 h6 13. Qe1 Rf8 14. h3 Be6 15. d5
cxd5 16. Nxd5 Nxd5 17. exd5 Bf5 18. Nd4 Bg6 19. Qg3 Na6 20. Rae1 O-O-O 21. Nc6
Bf6 22. Qe3 Rde8 23. Qxb6 Bd4+ 24. Nxd4 1-0

[Event "Guernsey International Chess Festival 2"]
[Site "?"]
[Date "2019.10.23"]
[Round "4.23"]
[White "Kirkwood, Robin"]
[Black "Nalichowski, Bogdan"]
[Result "0-1"]
[WhiteElo "1628"]
[BlackElo "1375"]
[PlyCount "112"]
[EventDate "2019.??.??"]

1. f4 d5 2. Nf3 Nc6 3. g3 Nf6 4. Bg2 e5 5. fxe5 Nxe5 6. Nxe5 Bc5 7. d4 Bb6 8.
Bg5 O-O 9. O-O Qe7 10. c3 Qxe5 11. Bxf6 Qe3+ 12. Kh1 gxf6 13. Rxf6 c6 14. Qd2
Re8 15. Bf3 Qf2 16. Qg5+ Kh8 17. Nd2 Bh3 18. Rxf7 Bg2+ 19. Bxg2 Qxf7 20. Rf1
Qg6 21. Qxg6 hxg6 22. e4 Rad8 23. e5 Kg7 24. Nf3 Rf8 25. Re1 Rde8 26. Kg1 Bc7
27. h4 Rf5 28. Ng5 Bd8 29. Nh3 g5 30. hxg5 Bxg5 31. g4 Bh4 32. gxf5 Bxe1 33.
f6+ Kg6 34. Nf4+ Kf7 35. Bf3 Rg8+ 36. Kh2 Bg3+ 37. Kh3 Bxf4 38. Bh5+ Ke6 39.
Bg4+ Kf7 40. Bh5+ Kf8 41. e6 Bd6 42. Bg4 a5 43. a4 Rh8+ 44. Kg2 Rh2+ 45. Kf3
Rxb2 46. Ke3 b5 47. Bd1 Ra2 48. axb5 cxb5 49. Bf3 Ra3 50. Kd2 b4 51. Bxd5 Rxc3
52. Be4 a4 53. Bg6 Rc7 54. d5 b3 55. e7+ Bxe7 56. fxe7+ Kxe7 0-1

[Event "Guernsey International Chess Festival 2"]
[Site "?"]
[Date "2019.10.23"]
[Round "4.24"]
[White "Henry, Eric"]
[Black "Foran, Barry"]
[Result "1/2-1/2"]
[WhiteElo "1591"]
[BlackElo "1627"]
[PlyCount "49"]
[EventDate "2019.??.??"]

1. d4 Nf6 2. Nf3 d5 3. e3 Bg4 4. Be2 e6 5. b3 c5 6. Bb2 Nc6 7. O-O Bxf3 8. Bxf3
cxd4 9. Bxd4 Nxd4 10. Qxd4 Bd6 11. Nd2 Qc7 12. Qa4+ Ke7 13. c4 Bxh2+ 14. Kh1
Be5 15. Rac1 Qd7 16. Qb4+ Ke8 17. cxd5 Bd6 18. Qc4 e5 19. Ne4 Nxe4 20. Qxe4 f5
21. Qh4 Qe7 22. Qxe7+ Kxe7 23. e4 g6 24. Rc4 Rac8 25. Rfc1 1/2-1/2

[Event "Guernsey International Chess Festival 2"]
[Site "?"]
[Date "2019.10.23"]
[Round "4.26"]
[White "Bennett, David"]
[Black "Bakkes, Frits"]
[Result "0-1"]
[WhiteElo "1401"]
[BlackElo "1605"]
[PlyCount "104"]
[EventDate "2019.??.??"]

1. Nf3 c5 2. e3 d5 3. d4 cxd4 4. exd4 Nc6 5. Bf4 Nf6 6. Nbd2 e6 7. a3 Bd6 8.
Bg5 Be7 9. Be2 h6 10. Bh4 g5 11. Bg3 Ne4 12. Nxe4 dxe4 13. Ne5 Qxd4 14. Qxd4
Nxd4 15. Rc1 Nxe2 16. Kxe2 b6 17. Rhd1 Ba6+ 18. Ke1 h5 19. h3 O-O 20. Rd4 Kg7
21. b4 Rfd8 22. Rcd1 Rxd4 23. Rxd4 f6 24. Nc6 Bf8 25. Rd7+ Kg6 26. Nd4 Bh6 27.
b5 Bc8 28. Rc7 e5 29. Nc6 Bf8 30. Ne7+ Bxe7 31. Rxe7 Bf5 32. Rc7 a6 33. bxa6
Rxa6 34. Rc3 h4 35. Bh2 Be6 36. f3 exf3 37. Rxf3 Bd5 38. Rf2 Rxa3 39. Rd2 Bc4
40. Rd6 b5 41. Rd2 Ra1+ 42. Rd1 Rxd1+ 43. Kxd1 Bf1 44. g3 hxg3 45. Bxg3 Bxh3
46. c3 Kf5 47. Kd2 Ke4 48. Bf2 f5 49. Ke2 f4 50. Ke1 g4 51. Ke2 g3 52. Bc5 f3+
0-1

[Event "Guernsey International Chess Festival 2"]
[Site "?"]
[Date "2019.10.23"]
[Round "4.28"]
[White "Bennett, Delroy"]
[Black "Rowe, Oliver"]
[Result "1-0"]
[WhiteElo "1326"]
[BlackElo "1545"]
[PlyCount "75"]
[EventDate "2019.??.??"]

1. e4 d5 2. exd5 Qxd5 3. Nc3 Qd6 4. h3 Nf6 5. Nf3 a6 6. Bc4 b5 7. Bb3 Bb7 8. a3
e6 9. d3 Be7 10. Qe2 O-O 11. Ne4 Nxe4 12. dxe4 e5 13. Bg5 Bxg5 14. Nxg5 Qg6 15.
h4 h6 16. Nf3 Qxe4 17. Qxe4 Bxe4 18. O-O-O Bxf3 19. gxf3 c5 20. Bd5 Ra7 21. c3
Rd7 22. Ba2 Rfd8 23. Rxd7 Rxd7 24. Rd1 Rxd1+ 25. Kxd1 Kf8 26. Ke2 Ke7 27. Ke3
f5 28. h5 Nd7 29. Bb1 Kf6 30. Bc2 g5 31. hxg6 Kxg6 32. f4 e4 33. f3 exf3 34.
Kxf3 Kh5 35. Bxf5 Nf6 36. Kg3 Nd5 37. Be6 Ne3 38. Bf7# 1-0

[Event "Guernsey International Chess Festival 2"]
[Site "?"]
[Date "2019.10.23"]
[Round "4.29"]
[White "Harnden, Terry"]
[Black "Jones, Sidney A"]
[Result "1/2-1/2"]
[WhiteElo "1499"]
[BlackElo "1524"]
[PlyCount "36"]
[EventDate "2019.??.??"]

1. e4 c5 2. Nf3 Nc6 3. d4 cxd4 4. Nxd4 Nf6 5. Nc3 e5 6. Nxc6 bxc6 7. f3 Bc5 8.
Bc4 O-O 9. Qe2 h6 10. Be3 Qb6 11. Bxc5 Qxc5 12. O-O-O Rb8 13. Bb3 a5 14. Na4
Qe7 15. Qd2 Qb4 16. Qxb4 axb4 17. Nc5 Rb5 18. Na4 Rd8 1/2-1/2

[Event "Guernsey International Chess Festival 2"]
[Site "?"]
[Date "2019.10.23"]
[Round "4.30"]
[White "Gunn, Michael J"]
[Black "Le Maitre, Richard"]
[Result "1-0"]
[WhiteElo "1608"]
[BlackElo "1351"]
[PlyCount "77"]
[EventDate "2019.??.??"]

1. e4 d5 2. exd5 Qxd5 3. Nc3 Qd8 4. d4 h6 5. Nf3 Nf6 6. Be2 e6 7. O-O c5 8. Be3
cxd4 9. Bxd4 Nc6 10. Bxf6 Qxf6 11. a3 Bc5 12. Ne4 Qe7 13. Nxc5 Qxc5 14. b4 Qe7
15. Qd2 O-O 16. b5 Rd8 17. Qc3 Nb8 18. Rad1 Nd7 19. Rd2 Nb6 20. Rxd8+ Qxd8 21.
Rd1 Nd5 22. Qb2 Qf6 23. Qxf6 Nxf6 24. Rd8+ Kh7 25. Bd3+ g6 26. Ne5 Kg7 27. Nc4
b6 28. Nd6 Nd5 29. Rxc8 Rxc8 30. Nxc8 Nf4 31. Nxa7 Nd5 32. Nc6 Kf6 33. Kf1 g5
34. g3 Kg7 35. Bc4 Nc7 36. a4 Kf6 37. Ke2 Kf5 38. f3 f6 39. Bd3# 1-0